00237 a2200109 4500001000700000020000600007040001100013100002700024240003600051245003100087362000900118179969 a  cMagnum aTelles, Carlos Queiroz10aA historia da pedra grandelpor10aA historia da pedra grande0 a1899